| 000 | 00499nam a2200169Ia 4500 | ||
|---|---|---|---|
| 003 | IN-BaIIA | ||
| 008 | 211028s9999 xx 000 0 eng d | ||
| 020 | _a0-13-724709-5 | ||
| 040 | _cIIA Library | ||
| 080 |
_a537.8 _bULA |
||
| 100 |
_aUlaby, F. T _923026 |
||
| 245 | 0 |
_aFundamentals of applied electromagnetics _cF. T. Ulaby |
|
| 260 |
_aNew Jersey _bPrentice-Hall _c1997 |
||
| 300 | _axvi, 407p. | ||
| 650 |
_aElectromagnetism _9540 |
||
| 942 | _cBK | ||
| 999 |
_c13076 _d13076 |
||